000 00533nam a2200205 a 4500
001 17887
003 CO-ViMGA
008 141112s2004 ck r 000 u spa d
020 _a9586480747
040 _aCO-ViMGA
_bspa
_cCO-ViMGA
082 0 4 _aPOMf
100 1 _aPombo, Rafael
_916416
245 1 0 _aFábulas y cuentos selectos
260 _aBogotá,
_cEcoe,
_c1994
300 _a57.p.
490 _aColección Girasol
650 1 4 _aCUENTOS INFANTILES COLOMBIANOS
_92369
650 1 4 _aFABULAS COLOMBIANAS
_925306
942 _2ddc
_cBK
999 _c27296
_d27296